Top 20 Most Famous World Capitals - Statistics

General Stats
  • This quiz has been taken 2,572 times
  • The average score is 16 of 20
Answer Stats
% Capital % Correct
88 Paris
98%
85 London
97%
86 Washington
96%
80 Moscow
92%
86 Rome
92%
79 Tokyo
91%
79 Beijing
90%
85 Berlin
90%
82 Madrid
90%
77 Mexico City
86%
76 Amsterdam
73%
75 Lisbon
72%
75 Ottawa
72%
81 Athens
69%
82 Brasilia
69%
78 Buenos Aires
69%
79 Dublin
66%
77 Oslo
62%
75 Vienna
60%
76 Vatican City
25%
No matching quizzes found
Score Distribution
Percent of People with Each Score
Percentile by Number Answered
Your Score History
You have not taken this quiz